| 000 | 00498nam a22001937a 4500 | ||
|---|---|---|---|
| 003 | LK-CoMWRAF | ||
| 005 | 20231122145637.0 | ||
| 008 | 231122b |||||||| |||| 00| 0 eng d | ||
| 020 | _a9558309001 | ||
| 040 |
_aLK-CoMWRAF _dLK-CoMWRAF _eLK-CoMWRAF |
||
| 041 | _aeng | ||
| 082 |
_a823 _bSEN |
||
| 100 | _aSeneviratne, Maureen | ||
| 245 | _aFor the love of children | ||
| 260 |
_aMount Lavinia : _bThe P. E. A. C. E. Campaign _c1999 |
||
| 300 | _a79p | ||
| 650 | _aChildren stories | ||
| 942 | _cBK | ||
| 999 |
_c4216 _d4216 |
||